000 00371nam a2200145Ia 4500
008 230917s9999||||xx |||||||||||||| ||und||
040 _e149852
_aMAIN
041 _aEnglish
082 _a515.64 G959C
100 _aGupta A S
245 0 _aCalculus of variations with Applications
260 _aNew Delhi
_bPrentice Hall of India
_c1999
300 _a242 p.
942 _cBK
999 _c90636
_d90636